Loading...
History - European History | 0 | 2 | 0 | 1 | 20 | 93 | 104.50 | 0 | 0 |
Literature - American Literature | 0 | 2 | 0 | 2 | 20 | 115 | 115.00 | 0 | 0 |
Literature - World Literature | 0 | 1 | 0 | 0 | 10 | 68 | 68.00 | 0 | 0 |
Social Science | 0 | 1 | 0 | 0 | 10 | 48 | 48.00 | 0 | 1 |
Philosophy | 0 | 1 | 0 | 0 | 10 | 97 | 97.00 | 0 | 1 |
Pop Culture | 0 | 1 | 0 | 0 | 10 | 82 | 82.00 | 0 | 0 |
Science - Other Science | 0 | 1 | 0 | 0 | 10 | 111 | 111.00 | 0 | 0 |
Religion | 0 | 1 | 0 | 0 | 10 | 84 | 84.00 | 0 | 1 |
Literature - European Literature | 0 | 1 | 0 | 0 | 10 | 108 | 108.00 | 0 | 0 |
Fine Arts - Other Fine Arts | 0 | 1 | 1 | 1 | 5 | 114 | 114.00 | 0 | 0 |
Painting/Sculpture | 0 | 0 | 1 | 0 | -5 | 0.00 | 0 | 0 |